Les données chiffrées en sciences sociales : Du matériau brut à la connaissance des phénomènes sociaux (notice n° 1925371)

détails MARC
000 -LEADER
fixed length control field 01317cam a2200133 4500500
005 - DATE AND TIME OF LATEST TRANSACTION
control field 20260329023206.0
041 ## - LANGUAGE CODE
Language code of text/sound track or separate title fre
042 ## - AUTHENTICATION CODE
Authentication code dc
100 10 - MAIN ENTRY--PERSONAL NAME
Personal name Eyraud, Corine
Relator term author
245 00 - TITLE STATEMENT
Title Les données chiffrées en sciences sociales : Du matériau brut à la connaissance des phénomènes sociaux
260 ## - PUBLICATION, DISTRIBUTION, ETC.
Name of publisher, distributor, etc. Armand Colin,<br/>
Date of publication, distribution, etc. 2024.<br/>
520 ## - SUMMARY, ETC.
Summary, etc. Acquérir les savoir-faire de base en matière statistique (calculs de pourcentages et de taux, lecture de tableaux, maîtrise du vocabulaire) et pouvoir les utiliser à bon escient, tel est l’objectif de ce manuel.  Assorti d’exercices intégralement corrigés, illustré d’articles de journaux ou de revues, il offre des points de repère sur la société française et ses institutions. Il initie à la lecture critique de tous les textes et documents qui intègrent des données chiffrées.  Cet outil d’apprentissage très complet s’adresse aux étudiants en sciences humaines et sociales (en particulier sociologie), en économie et sciences politiques, en écoles de commerce et de journalisme, à tous ceux qui préparent des concours (IEP, CAPES ou agrégation de SHS), ainsi qu’aux enseignants de SES.
856 41 - ELECTRONIC LOCATION AND ACCESS
Uniform Resource Identifier <a href="https://shs.cairn.info/les-donnees-chiffrees-en-sciences-sociales--9782200638474?lang=fr&redirect-ssocas=7080">https://shs.cairn.info/les-donnees-chiffrees-en-sciences-sociales--9782200638474?lang=fr&redirect-ssocas=7080</a>

Pas d'exemplaire disponible.

PLUDOC

PLUDOC est la plateforme unique et centralisée de gestion des bibliothèques physiques et numériques de Guinée administré par le CEDUST. Elle est la plus grande base de données de ressources documentaires pour les Étudiants, Enseignants chercheurs et Chercheurs de Guinée.

Adresse

627 919 101/664 919 101

25 boulevard du commerce
Kaloum, Conakry, Guinée

Réseaux sociaux

Powered by Netsen Group @ 2025